Sbierka predpisov správnych a policajných platných na Slovenku

Bibliographic Details
Main Author: Pavlásek, Jozef (Author)
Format: Book
Language:Undetermined
PhysicalDescription:704 s.
Published: Bratislava Jozef Pavlásek 1928

MARC

LEADER 00000nam a2200000 a 4500
001 vtls001420920
003 SK-MaSNL
005 20260301072315.0
008 240315s1928 xx 0 und
035 |a SNK000375764 
040 |a SNK  |b slo  |c SNK  |e AACR2 
100 1 |a Pavlásek, Jozef  |4 aut  |9 298543 
245 1 |a Sbierka predpisov správnych a policajných platných na Slovenku 
260 |a Bratislava  |b Jozef Pavlásek  |c 1928 
300 |a 704 s. 
999 |c 640638  |d 642568 
952 |t P60, <03>, [BOOK], {603}  |a SNK  |b SNK  |y PREZ  |7 0  |p 17A0315798  |o snkSD 11885/3/2  |0 0  |1 0  |4 0  |d 2001-09-20  |l 0  |r 2025-11-25 00:00:00  |w 2026-02-23